000 00603nam a2200241Ia 4500
008 210210b2004 xxu||||| |||| 00| 0 eng d
020 _a0761932860
041 _aeng
082 _a302 BHAI
100 _aBHATTACHARYYA (Dwaipayan)
245 _aInterrogating social capital: the Indian experience
260 _aNew Delhi
_bSage Publications
_c2004
300 _a335
650 _aThe
650 _asocial
650 _aInterrogating
650 _aIndian
650 _aexperience
650 _acapital:
690 _aSocial Psychology
700 _aJAYAL(Niraja gopal)
906 _a065982
999 _c147412
_d147412